| 000 | 02496nam a22003737a 4500 | ||
|---|---|---|---|
| 005 | 20111219165921.0 | ||
| 010 | _aB-481894-903 | ||
| 020 |
_a8181466519 _c200.00 |
||
| 020 |
_a9788181466518 _c200.00 |
||
| 035 | _aB-481894-903 | ||
| 037 | _bBlue Berry/Ven | ||
| 082 | _aS | ||
| 100 |
_aAnjali Raghbeer _953633 |
||
| 245 |
_aA trail of paint / _cby Anjali Raghbeer; illustrated by Soumya Menon |
||
| 260 |
_aChennai _bTulika Publishers _c2009 |
||
| 270 |
_a13, Prithvi Avenue, Abhiramaouram _bChennai _e600 018 |
||
| 300 |
_aunpaged _bill. _c23cm(pbk) |
||
| 490 |
_aLooking at art; edited by Jamini Roy _953634 |
||
| 500 | _ainspired by the diaries of young Amrita | ||
| 650 |
_aStories _9938 |
||
| 700 |
_a Menon, Soumya _937189 |
||
| 942 |
_2ddc _cCH _mANJ _hS |
||
| 999 |
_c59663 _d59663 |
||